Online
Catalog

Sociología de la educación / (Record no. 12020)

MARC details
000 -CABECERA
campo de control de longitud fija 01452cam a2200265 a 4500
001 - NÚMERO DE CONTROL
campo de control 000012363
005 - FECHA Y HORA DE LA ÚLTIMA TRANSACCIÓN
campo de control 20200929163019.0
008 - DATOS DE LONGITUD FIJA--INFORMACIÓN GENERAL
campo de control de longitud fija 780721s1972 ve a b f001 0 spa
035 ## - NÚMERO DE CONTROL DEL SISTEMA
Número de control de sistema (DLC) 78104241
040 ## - FUENTE DE LA CATALOGACIÓN
Centro catalogador/agencia de origen DO-SdBNP
Lengua de catalogación spa
Centro/agencia transcriptor DLC
Centro/agencia modificador BNPHU
082 ## - NÚMERO DE LA CLASIFICACIÓN DECIMAL DEWEY
Número de clasificación 306.43
Número de documento/Ítem A339s, 1972
049 ## - FONDOS LOCALES (OCLC)
Fondos de biblioteca BNGR
100 1# - ENTRADA PRINCIPAL--NOMBRE DE PERSONA
Nombre de persona Albornoz, Orlando,
Fechas asociadas al nombre 1932-
9 (RLIN) 29047
245 10 - MENCIÓN DE TÍTULO
Título Sociología de la educación /
Mención de responsabilidad, etc. Orlando Albornoz.
250 ## - MENCIÓN DE EDICIÓN
Mención de edición 2a ed.
260 ## - PUBLICACIÓN, DISTRIBUCIÓN, ETC.
Lugar de publicación, distribución, etc. Caracas, (Venezuela) :
Nombre del editor, distribuidor, etc. Biblioteca de la Universidad Central de Venezuela,
Fecha de publicación, distribución, etc. 1972.
300 ## - DESCRIPCIÓN FÍSICA
Extensión 266 p. :
Otras características físicas il. ;
Dimensiones 19 cm.
490 1# - MENCIÓN DE SERIE
Mención de serie Temas
Designación de volumen o secuencia 47
500 ## - NOTA GENERAL
Nota general Artículos previamente publicados durante 1966-70
504 ## - NOTA DE BIBLIOGRAFÍA, ETC.
Nota de bibliografía, etc. Incluye referencias bibliográficas.
505 0# - NOTA DE CONTENIDO CON FORMATO
Nota de contenido con formato Cultura y Educación -- La educación como objeto del conocimiento -- sociología Educación y -- La Investigación Sociológica EN EDUCACION -- La sociología de la educación en América Latina -- Las funciones culturales de la Universidad -- La educación superior en la Argentina y en Venezuela -- y Libertad Académica educación superior en América Latina -- Oposición estudiantil en América Latina -- La profusión de Ingeniero en Venezuela -- La profusión de Ingeniero en una sociedad en desarrollo - -Obstáculos para la Planificación Universitaria en América Latina.
650 #4 - PUNTO DE ACCESO ADICIONAL DE MATERIA--TÉRMINO DE MATERIA
Término de materia o nombre geográfico como elemento de entrada Sociología de la educación
Subdivisión geográfica América Latina
9 (RLIN) 29045
830 #0 - PUNTO DE ACCESO ADICIONAL DE SERIE-TÍTULO UNIFORME
Título uniforme Temas ;
Designación de volumen o secuencia 47.
9 (RLIN) 9064
910 ## - DATOS DE OPCIÓN DEL USUARIO (OCLC)
Datos de opción del usuario Catalogación derivada
Holdings
Estado de retiro Estado de pérdida Restricciones de uso No para préstamo Código de colección Localización permanente Ubicación/localización actual Ubicación en estantería Fecha de adquisición Número de inventario Total de préstamos Signatura topográfica completa Código de barras Fecha visto por última vez Precio válido a partir de Tipo de ítem Koha
    Préstamo interno   Monografías: Libros y Folletos General General En catalogación 11.11.2009 LF1   306.43 A339s, 1972 12363-10 25.06.2020 25.06.2020 Préstamo interno

Powered by Koha